00682nam a2200241 a 4500001001300000003000900013005001700022008004100039020000800080082001700088100001800105245002800123260005100151300000900202500003500211505001000246650002200256700001800278902000800296942000700304952011400311999001500425nice12345678IN_TiNIC20260116012329.0050524s0000 laha grp 000 0 urd  ac300a297.63bALI2 aAli, Mohammad aSeeratul Khairul Bashar aLahorebAhmadiyya Anjuman Ishaat-E-Islamc0000 a240p aincludes index and biblioraphy2 aIndex aMuhammad, Prophet1 aAli, Mohammad bSRS cBK 001040708StackRoom-aHMIbHMId2007-07-05g3.00l0o297.63 ALI2p013881r2007-07-05v3.00w2005-05-24yBK c6587d6587